Stock answer proves elusive (Record no. 74300)
[ view plain ]
| 000 -LEADER | |
|---|---|
| fixed length control field | 01709cab a2200277 4500 |
| 001 - CONTROL NUMBER | |
| control field | ABS67648 |
| 008 - FIXED-LENGTH DATA ELEMENTS--GENERAL INFORMATION | |
| fixed length control field | 040325n2004 000 0 eng u |
| 035 ## - SYSTEM CONTROL NUMBER | |
| System control number | (Sirsi) u125574 |
| 100 ## - MAIN ENTRY--PERSONAL NAME | |
| Personal name | Blackman, D. |
| 245 ## - TITLE STATEMENT | |
| Title | Stock answer proves elusive |
| 260 ## - PUBLICATION, DISTRIBUTION, ETC. | |
| Date of publication, distribution, etc. | 2004 |
| 490 ## - SERIES STATEMENT | |
| Series statement | Planning (for the Natural and Built Environment) |
| Volume/sequential designation | (1561) 19 March 2004, 15(1) |
| 520 ## - SUMMARY, ETC. | |
| Summary, etc. | Reviews the current level of outstanding residential planning permissions and its effect on the housing market following the publication of the ODPM report "Outstanding planning permission for housing development in northern England", which is available at www.odpm.gov.uk. The research suggests that gluts of outstanding planning permissions such as in Hull and Newcastle are exceptions rather than the rule and the overall backlog of unused consents stands at a healthy level. However the higher level of unimplemented brownfield (60%) than greenfield consents (40%), underlines the difficulty of turning consents into homes. Stresses that the systems in place for monitoring the take-up of consents are inadequate. Table covering estimates of outstanding planning permissions. |
| 590 ## - LOCAL NOTE (RLIN) | |
| Local note | ABS |
| 650 ## - SUBJECT ADDED ENTRY--TOPICAL TERM | |
| Topical term or geographic name entry element | PLANNING PERMISSIONS |
| 650 ## - SUBJECT ADDED ENTRY--TOPICAL TERM | |
| Topical term or geographic name entry element | GREENFIELD SITES |
| 650 ## - SUBJECT ADDED ENTRY--TOPICAL TERM | |
| Topical term or geographic name entry element | PPG3 |
| 650 ## - SUBJECT ADDED ENTRY--TOPICAL TERM | |
| Topical term or geographic name entry element | HOUSING SUPPLY |
| 650 ## - SUBJECT ADDED ENTRY--TOPICAL TERM | |
| Topical term or geographic name entry element | PLANNING AND COMPULSORY PURCHASE ACT 2004 |
| 650 ## - SUBJECT ADDED ENTRY--TOPICAL TERM | |
| Topical term or geographic name entry element | BROWNFIELD SITES |
| 650 ## - SUBJECT ADDED ENTRY--TOPICAL TERM | |
| Topical term or geographic name entry element | PLANNING CONSENT |
| 650 ## - SUBJECT ADDED ENTRY--TOPICAL TERM | |
| Topical term or geographic name entry element | CONSENTS |
| 690 ## - LOCAL SUBJECT ADDED ENTRY--TOPICAL TERM (OCLC, RLIN) | |
| Topical term or geographic name as entry element | HOUSING-DEVELOPMENT |
| 856 ## - ELECTRONIC LOCATION AND ACCESS | |
| Uniform Resource Identifier | <a href="https://www.odpm.gov.uk/stellent/groups/odpm_planning/documents/page/odpm_plan_027565.pdf">https://www.odpm.gov.uk/stellent/groups/odpm_planning/documents/page/odpm_plan_027565.pdf</a> |
| Public note | View "Outstanding planning permission for housing development in northern England" (pdf) on the ODPM website... |
| 942 ## - ADDED ENTRY ELEMENTS (KOHA) | |
| Suppress in OPAC | 0 |
| Withdrawn status | Lost status | Source of classification or shelving scheme | Damaged status | Not for loan | Home library | Current library | Shelving location | Date acquired | Total Checkouts | Full call number | Barcode | Date last seen | Copy number | Price effective from | Koha item type |
|---|---|---|---|---|---|---|---|---|---|---|---|---|---|---|---|
| Dewey Decimal Classification | London | London | Journal article | 25/03/2004 | ABS67648 | 125574-1001 | 06/08/2019 | 1 | 06/08/2019 | Journal article |